LEADER 01043nam0-2200337---450- 001 990010096100403321 005 20160901095038.0 010 $a88-7115-000-7 035 $a001009610 035 $aFED01001009610 035 $a(Aleph)001009610FED01 035 $a001009610 100 $a20160901d1988----km-y0itay50------ba 101 0 $aita 102 $aIT 105 $ac-------001yy 200 1 $a<>poeta e gli artigiani$eetica del lavoro e mutualismo nel Veneto di metà '800$fEmilio Franzina$gcon una antologia di scritti editi e inediti di Giacomo Zanella 210 $aPadova$cIl poligrafo$d1988 215 $a231 p.$d24 cm 225 1 $aVarianti$v1 610 0 $aStato sociale$aVeneto$a1850-1890 676 $a361.9 700 1$aFranzina,$bEmilio$0120743 702 1$aZanella,$bGiacomo$f<1820-1888> 801 0$aIT$bUNINA$gRICA$2UNIMARC 901 $aBK 912 $a990010096100403321 952 $a361.9 FRA 1$bDip.fil.mod. 4017$fFLFBC 959 $aFLFBC 996 $aPoeta e gli artigiani$91496828 997 $aUNINA LEADER 01354nam a22002771i 4500 001 991001276149707536 005 20031029075540.0 008 040407s1970 it a||||||||||||||||ita 035 $ab1274573x-39ule_inst 035 $aARCHE-072537$9ExL 040 $aDip.to Scienze Storiche$bita$cA.t.i. Arché s.c.r.l. Pandora Sicilia s.r.l. 082 04$a338.1 100 1 $aRuocco, Domenico$023763 245 10$aMemoria illustrativa della Carta della utilizzazione del suolo della Campania :$bfogli 14, 15, 16, 17 e 19 della Carta della utilizzazione del suolo d'Italia /$cDomenico Ruocco ; con una introduzione di Carmelo Colamonico 260 $aRoma :$bConsiglio nazionale delle ricerche,$cstampa 1970 300 $a182 p. :$bill. ;$c24 cm 650 4$aAgricoltura$zCampania 650 4$aTerreni agrari$zCampania$xUtilizzazione 700 1 $aColamonico, Carmelo 907 $a.b1274573x$b02-04-14$c16-04-04 912 $a991001276149707536 945 $aLE009 GEOG.14.433-77$g1$i2009000164208$lle009$o-$pE0.00$q-$rn$so $t0$u0$v0$w0$x0$y.i13282906$z16-04-04 945 $aLE009 GEOG.14.433-3$g2$i2009000388062$lle009$o-$pE0.00$q-$rn$so $t0$u0$v0$w0$x0$y.i13282918$z16-04-04 996 $aMemoria illustrativa della carta della utilizzazione del suolo della Campania$9108702 997 $aUNISALENTO 998 $ale009$b16-04-04$cm$da $e-$fita$git $h0$i2